<?xml version="1.0" encoding="UTF-8"?><?xml-stylesheet type="text/xsl" href="static/style.xsl"?><OAI-PMH xmlns="http://www.openarchives.org/OAI/2.0/" xmlns:xsi="http://www.w3.org/2001/XMLSchema-instance" xsi:schemaLocation="http://www.openarchives.org/OAI/2.0/ http://www.openarchives.org/OAI/2.0/OAI-PMH.xsd"><responseDate>2026-06-01T03:34:34Z</responseDate><request verb="GetRecord" identifier="oai:riuma.uma.es:10630/19232" metadataPrefix="marc">https://riuma.uma.es/rest/oai/request</request><GetRecord><record><header><identifier>oai:riuma.uma.es:10630/19232</identifier><datestamp>2026-02-03T12:12:56Z</datestamp><setSpec>com_10630_2254</setSpec><setSpec>col_10630_37959</setSpec></header><metadata><record xmlns="http://www.loc.gov/MARC21/slim" xmlns:dcterms="http://purl.org/dc/terms/" xmlns:doc="http://www.lyncode.com/xoai" xmlns:xsi="http://www.w3.org/2001/XMLSchema-instance" xsi:schemaLocation="http://www.loc.gov/MARC21/slim http://www.loc.gov/standards/marcxml/schema/MARC21slim.xsd">
   <leader>00925njm 22002777a 4500</leader>
   <datafield ind2=" " ind1=" " tag="042">
      <subfield code="a">dc</subfield>
   </datafield>
   <datafield ind2=" " ind1=" " tag="720">
      <subfield code="a">Fernández-Palacios, Sara</subfield>
      <subfield code="e">author</subfield>
   </datafield>
   <datafield ind2=" " ind1=" " tag="720">
      <subfield code="a">Takeda, Y.</subfield>
      <subfield code="e">author</subfield>
   </datafield>
   <datafield ind2=" " ind1=" " tag="720">
      <subfield code="a">Minakata, S.</subfield>
      <subfield code="e">author</subfield>
   </datafield>
   <datafield ind2=" " ind1=" " tag="720">
      <subfield code="a">López-Navarrete, Juan Teodomiro</subfield>
      <subfield code="e">author</subfield>
   </datafield>
   <datafield ind2=" " ind1=" " tag="720">
      <subfield code="a">Moreno-Oliva, María</subfield>
      <subfield code="e">author</subfield>
   </datafield>
   <datafield ind2=" " ind1=" " tag="720">
      <subfield code="a">Ruiz-Delgado, María del Carmen</subfield>
      <subfield code="e">author</subfield>
   </datafield>
   <datafield ind2=" " ind1=" " tag="260">
      <subfield code="c">2020-01-29</subfield>
   </datafield>
   <datafield ind2=" " ind1=" " tag="520">
      <subfield code="a">Π-conjugated compounds have been widely studied in the last few decades due to their huge field of application in organic electronics. Specifically, stimuli-responsive Π-conjugated materials which are sensitive to external stimulus (i.e., temperature, pressure, etc) have several uses like sensors, probes and security inks, for example.1 In this work, we study two U-shape Donor-Acceptor-Donor (D-A-D) systems that are found to exhibit interesting thermal- and pressure-dependent properties. 2 They consist on two different conformers of phenothiazine-dibenzo[a,j]phenazine-phenothiazine which differs from the position of the phenothiazine respect to the dibenzophenzaine central core. Compound 1R is the equatorial-equatorial conformer and 1Y is the axial-axial conformer (Figure 1). The dibenzophenzaine group acts as an electron-acceptor whereas the phenothiazine unit acts as an electron-donor. It has been reported that this U-shape D-A-D compound shows a multi-active color changing in 3 steps and their luminescence changes with temperature, pressure and acid exposition.2 In this work, we aim to elucidate how the external stimuli (i.e. temperature, pressure, acid ambient) affects the molecular structure at both intra- and intermolecular level. To this end, we use UV-Vis absorption, Raman (Figure 1) and Infrared spectroscopy experiments in combination with DFT calculations.</subfield>
   </datafield>
   <datafield ind1="8" ind2=" " tag="024">
      <subfield code="a">https://hdl.handle.net/10630/19232</subfield>
   </datafield>
   <datafield tag="653" ind2=" " ind1=" ">
      <subfield code="a">Espectroscopía Raman</subfield>
   </datafield>
   <datafield ind2="0" ind1="0" tag="245">
      <subfield code="a">Novel U-Shaped D-A-D π-conjugated Systems with Mechanochromic Properties: An Experimental and Theoretical Vibrational Spectroscopic Investigation</subfield>
   </datafield>
</record>
</metadata></record></GetRecord></OAI-PMH>